000 01360cam a2200337 i 4500
001 26259
003 Mx-PuUPA
005 20251029100405.0
008 140415s2018 sp gr 000 0 spa d
017 _aB-5283-2018
020 _a9788425439322
040 _cMx-PuUPA
_aMx-PuUPA
_bspa
_dMx-PuUPA
_erda
041 1 _aspa
_hfre
100 1 _aGrondin, Jean,
_d1955-
_eautor
_92788
240 1 0 _aDu sens des choses. L'dée de la métaphysique.
_lEspañol
245 1 4 _aDel sentido de las cosas :
_bla idea de la metafísica /
_cJean Grondin ; traducción de Víctor Goldstein
264 1 _aBarcelona :
_bHerder Editorial,
_c©2018
300 _a226 paginas ;
_c22 cm
336 _2rdacontent
_atexto
_btxt
337 _2rdamedia
_asin medio
_bn
338 _2rdacarrier
_avolumen
_bnc
650 7 _2armarc
_aMetafísica
650 7 _2armarc
_aHermenéutica
700 1 _aGoldstein, Víctor,
_etraductor
765 0 _aGrondin, Jean, 1955-
_dParís : Presses Universitaires de Frence, ©2013
_tDu sens des choses. L'dée de la métaphysique.
942 _2ddc
_cLI
_h110
_iG818
999 _c26259
_d26259